000 00979nam a2200277 i 4500
001 92586
003 ES-MaACL
005 20250630161528.0
007 t|
008 050405s2004 sp ||||1| spa d
020 _a84-7517-798-0
080 _a821.112.2-14"18"
100 1 _aHölderlin, Friedrich.
_964001
245 1 0 _aPoemas
_b: textos bilingües /
_cFriedrich Hölderlin ; las primeras traducciones al castellano por Fernando Maristany (1919) y Manuel de Montoliu (1921) ; edición de Anacleto Ferrer.
250 _a1ª ed.
260 _aMadrid :
_bHiperión,
_c2004.
300 _a180 p. :
_bil. ;
_c20 cm.
490 1 _aPoesía Hiperión ;
_v470
500 _aTexto alemán y traducción al español.
700 1 _aMaristany, Fernando.
_976897
700 0 _aMontoliu, Manuel de,
_d1877-1961
_982679
700 1 _aFerrer, Anacleto.
_950407
830 0 _aPoesía Hiperión ;
_v470
_9177326
852 _aES-MaACL
_jE-10914
_bR.135751
999 _c92586
_d92586